10 Najwartościowszych Włochów - Statystyki

Ogólne statystyki
  • Ten quiz został rozwiązany 85 razy
    11 od ostatniego zresetowania
  • Średni wynik to 5 z 10
Statystyki odpowiedzi
Wartość Piłkarz % Poprawnych
80 mln Nicolo Barella
100%
75 mln Alessandro Bastoni
91%
60 mln Federico Dimarco
82%
35 mln Mateo Retegui
36%
45 mln Ricardo Calafiori
36%
38 mln Sandro Tonali
36%
45 mln Giorgio Scalvini
27%
40 mln Andrea Cambiasso
18%
45 mln Destiny Udogie
18%
45 mln Alessandro Buongiorno
9%
Nie znaleziono quizów pasujących do podanych kryteriów
Rozkład punktacji
Procent ludzi z każdym wynikiem
Percentyl według liczby udzielonych odpowiedzi
Twoja historia wyników
Nie rozwiązałeś tego quizu od ostatniego zresetowania